Districts of Abkhazia on a Map - Statistics

General Stats
  • This quiz has been taken 48 times
  • The average score is 4 of 7
Answers on the Map
Answers color-coded by a green-red scale on the quiz's map according to % correct below.
 
Answer Stats
District % Correct
Gagra
88%
Sukhumi
88%
Gali
69%
Gudauta
69%
Ochamchira
56%
Gulripshi
31%
Tkvarcheli
31%
No matching quizzes found
Score Distribution
Percent of People with Each Score
Percentile by Number Answered
Your Score History
You have not taken this quiz